Development of Diaphram for Oxygen cylinder (Record no. 74541)

MARC details
000 -LEADER
fixed length control field 00435nam a2200145Ia 4500
100 ## - MAIN ENTRY--AUTHOR NAME
Personal name Preetha, K.
245 #0 - TITLE STATEMENT
Title Development of Diaphram for Oxygen cylinder
260 ## - PUBLICATION, DISTRIBUTION, ETC. (IMPRINT)
Name of publisher Calicut University
Place of publication Kozhikode
Year of publication 2008
300 ## - PHYSICAL DESCRIPTION
Number of Pages 24
500 ## - GENERAL NOTE
General note Course: M.Sc.
700 ## - ADDED ENTRY--PERSONAL NAME
Personal name Technical Consultancy Division, Rubber Board
850 ## - HOLDING INSTITUTION
Holding institution Sree Vyasa N.S.S. College, Vadakancherry
942 ## - ADDED ENTRY ELEMENTS (KOHA)
Koha item type Theses
Holdings
Withdrawn status Lost status Damaged status Not for loan Collection code Home library Current library Shelving location Date acquired Koha item type
      Theses Project work RRII Library RRII Library Rubber technology 31/12/2021 Theses